| 000 | 00462nam a2200145Ia 4500 | ||
|---|---|---|---|
| 003 | OSt | ||
| 005 | 20260123142304.0 | ||
| 008 | 211028s2016 xx 000 0 und d | ||
| 040 | _cAIMIT LIBRARY | ||
| 041 | _aeng | ||
| 100 |
_aD Souza, Rayan; D Souza, Rayan. _g1416120 _97539 |
||
| 245 | _aStudy on strategic talent acquisition at people gamut hr solutions for the role of recruiter Mangalore / | ||
| 260 |
_aMangalore _bRayan D Souza. _c2016 |
||
| 942 |
_2ddc _cPRO |
||
| 999 |
_c219107 _d219107 |
||